000 00542nam a2200181Ia 4500
008 151202s9999||||xx |||||||||||||| ||und||
082 _bPNVM-10870
100 _aविष्णुशर्मा.
245 _aपंञ्चतंत्रकम्.
260 _b---
260 _c0
300 _a238
600 _aविष्णुशर्मा.
630 _aपंञ्चतंत्रकम्.
700 _aविष्णुशर्मा.
730 _aपंञ्चतंत्रकम्.
942 _cBOOK
999 _c1276857
_d1276854